000 00606nam a22002177a 4500
003 UA-OsUOA
001 76251
007 ta
008 20110621b un ||||| |||| 00| 0 ukr d
100 _aІванова С.В.
090 _a330(477)
_bИ99
942 _cSA
040 _aUA-OsUOA
_bukr
_cUA-OsUOA
_dUA-OsUOA
245 _aРозвиток іпотечного кредитування в Україні
300 _aС.78-84
955 _a0
041 _aukr
080 _a330(477)
773 0 _w76248
_tЕкономіка АПК
_dК.
_d2011
_g6
650 7 _a330 Економіка взагалі
_2UDC
999 _c362553
_d362553